000 03351nam0a2200373 4500
001 RU\NLR\BIBL_A\012502123
005 20210428163901.0
010 _a978-5-7810-1991-5
_950
021 _aRU
_bКН-П-20-079185
_9КН-П-20-6001
035 _a(NLR Aleph) 012502123
035 _a(RuMoRGB)010509188
090 _a12235239
_c12235239
100 _a20210413d2020 u y0rusy50 ca
101 0 _arus
102 _aRU
105 _aa|||j|||000zy
181 0 _ai3
_baxxe
182 0 _an
200 1 _aХимические средства защиты растений: средства защиты растений от сорной растительности
_eгербициды
_eучебно-методический комплекс по дисциплине
_eучебное пособие
_eдля студентов, обучающихся по направлениям подготовки 35.03.04 Агрономия, аспирантам, обучающимся по ОПОП 35.06.01 Сельское хозяйство. Профиль: 06.01.01 Общее земледелие, 06.06.01 Биологические науки. Профиль: Экология, по дисциплине Б1.В.ОД.КЭ.2 "Ландшафтоведение южных регионов Сибири", для магистрантов, обучающихся по направлению подготовки 06.04.01 Биология по программе "Сохранение биоразнообразия и рациональное природопользование" по дисциплине Б1.В.ОД.10 "Региональная экология" и направлению подготовки 05.03.06 Экология и природопользование по профилю "Природопользование"
_fМинистерство науки и высшего образования Российской Федерации, Федеральное государственное бюджетное образовательное учреждение высшего образования "Хакасский государственный университет им. Н.Ф. Катанова"
_gсост.: С.М. Чарков, Н.В. Боргоякова
203 _aТекст
_bвизуальный
_cнепосредственный
210 _aАбакан
_cИзд-во ФГБОУ ВО "Хакасский государственный университет им. Н.Ф. Катанова"
_d2020
215 _a244, [1] с.
_cил., табл.
_d21
320 _aБиблиогр.: с. 241 (15 назв.)
517 1 _aГербициды
606 1 _aСорные растения
_jУчебные издания для высших учебных заведений
_xУничтожение
_xПрименение гербицидов
_91092615
_3RU\NLR\AUTH\66109736
686 1 _aП146.752я73
702 1 _aЧарков
_bС. М.
_gСергей Михайлович
_4220
712 0 2 _4475
_aХакасский государственный университет им. Н. Ф. Катанова
_cАбакан
_9395994
_3RU\NLR\AUTH\889950109
942 _cBOOK
980 _aNBR
980 _aNB